| 000 | 01035nam a2200265 i 4500 | ||
|---|---|---|---|
| 001 | 000029424 | ||
| 003 | DO-SdBNP | ||
| 005 | 20231221092409.0 | ||
| 007 | ta | ||
| 008 | 110415s2009 dr 000 0 spa d | ||
| 040 |
_aDO-SdBNP _bspa _cBNPHU _erda |
||
| 082 |
_bP592f _222 |
||
| 100 | 1 |
_aPichardo Cruz, Daniel Nicanor _eautor _938858 |
|
| 245 | 1 | 3 |
_aFallecimiento e inmortalidad de Juan Pablo Duarte : _bfundador de la República / _cDaniel Nicanor Pichardo Cruz |
| 264 |
_aSanto Domingo : _bInstituto Duartiano, _c2009. |
||
| 300 |
_a7 paginas ; _c21 cm. |
||
| 336 |
_2rdacontent _atexto _btxt |
||
| 337 |
_2rdamedia _asin mediación _bn |
||
| 338 |
_2rdacarrier _avolumen _bnc |
||
| 490 |
_aCartilla Duartiana ; Lectura de la Patria _v12 |
||
| 500 | _aÓleo sobre tela, autoría de Pedro G. de Villena, 1963, basado en la foto original de Juan Pablo Duarte, tomada en Caracas por Próspero Rey, pieza museográfica que se exhibe en el museo casa Duarte. | ||
| 590 | _aInventariado, 2023 / DG | ||
| 910 | _aDG | ||
| 942 |
_2ddc _cLF2 |
||
| 999 |
_c53126 _d53126 |
||